Football: Les Gloires du Passé (photos) #2 - Statistiques

Statistiques générales
  • Ce quiz a été pris 420 fois
  • Le résultat moyen est 14 sur 20
Statistiques - réponses
Par images Réponse % Correct
Thierry Henry
99%
Ronaldo
97%
Ronaldinho
94%
Andrea Pirlo
91%
Carles Puyol
91%
David Beckham
91%
Éric Cantona
91%
Frank Lampard
88%
Roberto Carlos
86%
Oliver Kahn
80%
Ryan Giggs
77%
Alessandro Del Piero
75%
Andriy Shevchenko
75%
Javier Zanetti
70%
Gerd Müller
69%
Bobby Charlton
58%
Marco Van Basten
52%
Alain Giresse
32%
Rabah Madjer
13%
Juan Alberto Schiaffino
2%
Aucun quiz correspondant
Distribution des résultats
% des personnes avec chaque résultat
Percentile par nombre de réponses
Votre historique - résultats
Vous n’avez pas pris ce quiz